All Cities in the Miami Metro Area On a Map - Statistics

General Stats
  • This quiz has been taken 1,041 times
  • The average score is 28 of 156
Answers on the Map
Answers color-coded by a green-red scale on the quiz's map according to % correct below.
 
Answer Stats
Population Answer % Correct
439,890 Miami
98%
181,668 Fort Lauderdale
85%
80,671 Miami Beach
82%
220,490 Hialeah
78%
117,286 West Palm Beach
73%
152,131 Hollywood
70%
9,251 Palm Beach
65%
110,867 Miami Gardens
63%
95,787 Boca Raton
61%
59,229 North Miami
59%
169,391 Pembroke Pines
53%
80,528 Homestead
52%
48,375 Coral Gables
50%
111,348 Pompano Beach
48%
11,779 South Miami
48%
135,077 Miramar
46%
60,802 Jupiter
45%
132,822 Coral Springs
43%
104,882 Davie
39%
42,507 North Miami Beach
37%
96,021 Sunrise
37%
92,986 Plantation
35%
7,058 West Miami
35%
75,966 Doral
34%
80,089 Boynton Beach
33%
66,573 Delray Beach
33%
12,735 Florida City
33%
77,228 Kendall
33%
39,237 Aventura
32%
86,339 Deerfield Beach
32%
14,487 Key Biscayne
31%
67,312 Weston
30%
35,265 Parkland
27%
73,458 Lauderhill
26%
59,449 Palm Beach Gardens
24%
30,388 Miami Lakes
23%
61,448 Wellington
23%
13,103 North Palm Beach
22%
5,531 Surfside
22%
44,291 Cutler Bay
21%
41,005 Hallandale Beach
21%
57,117 Coconut Creek
20%
22,064 Sunny Isles Beach
20%
22,508 Hialeah Gardens
19%
13,497 Miami Springs
19%
16,022 Opa-Locka
19%
71,541 Tamarac
19%
31,454 Dania Beach
18%
1,462 South Palm Beach
18%
38,548 Lake Worth
17%
58,001 Margate
17%
11,417 Miami Shores
16%
44,239 North Lauderdale
16%
23,820 Palmetto Bay
16%
26,780 Palm Springs
16%
55,757 Tamiami
16%
17,987 Pinecrest
15%
39,043 Royal Palm Beach
15%
33,972 Cooper City
14%
35,564 Princeton
14%
3,008 Bal Harbour
13%
43,813 Greenacres
13%
3,770 Juno Beach
13%
55,732 Kendale Lakes
13%
6,106 Lauderdale-By-The-Sea
13%
35,609 Lauderdale Lakes
13%
43,650 Oakland Park
13%
12,030 Lantana
12%
12,267 Naranja
12%
38,074 Riviera Beach
12%
7,502 Southwest Ranches
12%
21,543 Sweetwater
12%
63,687 The Hammocks
12%
59,174 Fontainebleau
11%
258 Golf
11%
26,708 Leisure City
11%
10,370 Lighthouse Point
11%
35,683 South Miami Heights
11%
14,869 Sunset
11%
3,036 Biscayne Park
10%
945 Golden Beach
10%
7,956 North Bay Village
10%
54,470 Westchester
10%
50,436 Country Club
9%
11,147 Goulds
9%
4,277 Highland Beach
9%
16,972 Ojus
9%
6,195 Pembroke Park
9%
6,088 Tequesta
9%
14,939 West Park
9%
11,316 Wilton Manors
9%
17,475 Brownsville
8%
18,710 Country Walk
8%
1,932 El Portal
8%
82 Indian Creek
8%
38,029 Kendall West
8%
8,980 Lake Park
8%
37,123 Richmond West
8%
5,761 Bay Harbor Islands
7%
33,843 Golden Glades
7%
953 Gulf Stream
7%
1,959 Hillsboro Beach
7%
725 Homestead Base
7%
2,732 Hypoluxo
7%
3,397 Loxahatchee Groves
7%
1,032 Medley
7%
9,640 Richmond Heights
7%
23,102 The Crossings
7%
15,379 Three Lakes
7%
7,082 University Park
7%
2,298 Virginia Gardens
7%
1,827 Westlake
7%
32,293 West Little River
7%
2,136 Atlantis
6%
507 Briny Breezes
6%
25,529 Coral Terrace
6%
2,182 Haverhill
6%
24,732 Ives Estates
6%
402 Jupiter Inlet Colony
6%
418 Manalapan
6%
2,131 Mangonia Park
6%
1,831 Ocean Ridge
6%
14,261 Olympia Heights
6%
1,328 Palm Beach Shores
6%
17,560 Glenvar Heights
5%
3,550 Lake Clarke Shores
5%
35 Lazy Lake
5%
16,419 Palmetto Estates
5%
536 Sea Ranch Lakes
5%
10,027 Westgate
5%
9,653 West Perrine
5%
8,156 Broadview Park
4%
13,490 Gladeview
4%
1,198 Juno Ridge
4%
17,044 Pinewood
4%
11,086 Westwood Lakes
4%
1,652 Boulevard Gardens
3%
135 Cloud Lake
3%
6,694 Golden Lakes
3%
628 Hillsboro Pines
3%
2,079 Lake Belvedere Estates
3%
18,663 Lake Worth Corridor
3%
1,704 Limestone Creek
3%
5,694 Palm Springs North
3%
1,615 Royal Palm Estates
3%
589 Schall Circle
3%
11,955 Westview
3%
643 Acacia Villas
2%
2,660 Cabana Colony
2%
1,468 Cypress Lakes
2%
1,283 Kenwood Estates
2%
3,311 Lakeside Green
2%
2,068 Roosevelt Gardens
2%
4,061 San Castle
2%
610 Stacey Street
2%
2,035 Washington Park
2%
No matching quizzes found
Score Distribution
Percent of People with Each Score
Percentile by Number Answered
Your Score History
You have not taken this quiz